000 00588nam a2200217Ia 4500
003 OSt
005 20230615114259.0
008 210423s2019 xx 000 0 und d
020 _a978-93-83866-49-6
040 _cAL
041 _aeng
082 _a657.46
_223
_bMEHD
100 _aMEHROTRA (H C);GOYAL (S P)
_992359
245 _aDirect tax law and practice 2019-20 Ed 40
260 _aAgra
_bSahitya Bhawan Publications
_c2019
300 _a890,xvi
_bPB
365 _b695
_cINR
650 _aIncome Tax
_992360
906 _a40 ; Direct ; law ; practice ; tax
942 _2ddc
_cBK
999 _c170125
_d170125